Josefina aprende una lección : (Record no. 18955)

MARC details
000 -LEADER
fixed length control field 02403cam a2200589 a 4500
001 - CONTROL NUMBER
control field sjds142458
003 - CONTROL NUMBER IDENTIFIER
control field sjds
005 - DATE AND TIME OF LATEST TRANSACTION
control field 20171017135413.0
008 - FIXED-LENGTH DATA ELEMENTS--GENERAL INFORMATION
fixed length control field 970520t19971997wiuab c 000 1 spa
010 ## - LIBRARY OF CONGRESS CONTROL NUMBER
LC control number 97019799
020 ## - INTERNATIONAL STANDARD BOOK NUMBER
International Standard Book Number 1562474979 (pbk.)
020 ## - INTERNATIONAL STANDARD BOOK NUMBER
International Standard Book Number 9781562474973 (pbk.)
035 ## - SYSTEM CONTROL NUMBER
System control number (OCoLC)37001412
040 ## - CATALOGING SOURCE
Original cataloging agency DLC
Transcribing agency DLC
Modifying agency DLC
-- UtOrBLW
041 1# - LANGUAGE CODE
Language code of text/sound track or separate title spa
Language code of original eng
049 ## - LOCAL HOLDINGS (OCLC)
Holding library IFAB
099 ## - LOCAL FREE-TEXT CALL NUMBER (OCLC)
Classification number CHILDREN ESPANOL FICTION TRIPP 1997
999 ## - SYSTEM CONTROL NUMBERS (KOHA)
Koha Dewey Subclass [OBSOLETE] CHILDREN ESPANOL FICTION TRIPP 1997
100 1# - MAIN ENTRY--PERSONAL NAME
Personal name Tripp, Valerie,
Dates associated with a name 1951-
Relator term author.
240 10 - UNIFORM TITLE
Uniform title <a href="Josefina learns a lesson.">Josefina learns a lesson.</a>
Language of a work Spanish
245 10 - TITLE STATEMENT
Title Josefina aprende una lección :
Remainder of title un cuento de la escuela /
Statement of responsibility, etc. Valerie Tripp ; versión en español de José Moreno ; ilustraciones, Jean-Paul Tibbles ; viñetas, Susan McAliley.
250 ## - EDITION STATEMENT
Edition statement First edition, Spanish.
260 ## - PUBLICATION, DISTRIBUTION, ETC. (IMPRINT)
Place of publication, distribution, etc. Middleton, WI :
Name of publisher, distributor, etc. Pleasant Co.,
Date of publication, distribution, etc. c1997
264 #1 - PRODUCTION, PUBLICATION, DISTRIBUTION, MANUFACTURE, AND COPYRIGHT NOTICE
Place of production, publication, distribution, manufacture Middleton, WI :
Name of producer, publisher, distributor, manufacturer Pleasant Co.,
Date of production, publication, distribution, manufacture, or copyright notice [1997]
264 #4 - PRODUCTION, PUBLICATION, DISTRIBUTION, MANUFACTURE, AND COPYRIGHT NOTICE
Date of production, publication, distribution, manufacture, or copyright notice c1997
300 ## - PHYSICAL DESCRIPTION
Extent 71 pages :
Other physical details illustrations (some color), color map ;
Dimensions 22 cm.
336 ## - CONTENT TYPE
Content type term text
Content type code txt
Source rdacontent
337 ## - MEDIA TYPE
Media type term unmediated
Media type code n
Source rdamedia
338 ## - CARRIER TYPE
Carrier type term volume
Carrier type code nc
Source rdacarrier
490 1# - SERIES STATEMENT
Series statement The American girls collection ;
500 ## - GENERAL NOTE
General note "Libro dos"--cover.
520 ## - SUMMARY, ETC.
Summary, etc. Josefina and her sisters distrust learning to read and write, as well as other changes their Tia Dolores is bringing to the household, because they fear they will lose their memories of their mother.
521 1# - TARGET AUDIENCE NOTE
Target audience note A partir de 7 años.
526 0# - STUDY PROGRAM INFORMATION NOTE
Program name Accelerated Reader
Interest level MG
Reading level 4.5
Title point value 2.0
Public note 17625SP
650 #0 - SUBJECT ADDED ENTRY--TOPICAL TERM
Topical term or geographic name as entry element Ranch life
Geographic subdivision New Mexico
Form subdivision Juvenile fiction.
650 #0 - SUBJECT ADDED ENTRY--TOPICAL TERM
Topical term or geographic name as entry element Mexican Americans
Form subdivision Juvenile fiction.
650 #0 - SUBJECT ADDED ENTRY--TOPICAL TERM
Topical term or geographic name as entry element Sisters
Form subdivision Juvenile fiction.
650 #0 - SUBJECT ADDED ENTRY--TOPICAL TERM
Topical term or geographic name as entry element Aunts
Form subdivision Juvenile fiction.
650 #0 - SUBJECT ADDED ENTRY--TOPICAL TERM
Topical term or geographic name as entry element Historical fiction
Form subdivision Juvenile literature.
650 #7 - SUBJECT ADDED ENTRY--TOPICAL TERM
Topical term or geographic name as entry element Vida ranchera
Geographic subdivision Nuevo México
Form subdivision Novela juvenil.
Source of heading or term bidex
650 #7 - SUBJECT ADDED ENTRY--TOPICAL TERM
Topical term or geographic name as entry element Mexicano-americanos
Form subdivision Novela juvenil.
Source of heading or term bidex
650 #7 - SUBJECT ADDED ENTRY--TOPICAL TERM
Topical term or geographic name as entry element Hermanas
Form subdivision Novela juvenil.
Source of heading or term bidex
650 07 - SUBJECT ADDED ENTRY--TOPICAL TERM
Topical term or geographic name as entry element Tías
Form subdivision Novela juvenil.
Source of heading or term bidex
650 #7 - SUBJECT ADDED ENTRY--TOPICAL TERM
Topical term or geographic name as entry element Novela histórica
Form subdivision Literatura juvenil.
Source of heading or term bidex
651 #0 - SUBJECT ADDED ENTRY--GEOGRAPHIC NAME
Geographic name New Mexico
General subdivision History
Chronological subdivision To 1848
Form subdivision Juvenile fiction.
651 #7 - SUBJECT ADDED ENTRY--GEOGRAPHIC NAME
Geographic name Nuevo México
General subdivision Historia
Chronological subdivision Hasta 1848
Form subdivision Novela juvenil.
Source of heading or term bidex
700 1# - ADDED ENTRY--PERSONAL NAME
Personal name Moreno, José.
700 1# - ADDED ENTRY--PERSONAL NAME
Personal name Tibbles, Jean-Paul,
Relator term illustrator.
700 1# - ADDED ENTRY--PERSONAL NAME
Personal name McAliley, Susan.
830 #0 - SERIES ADDED ENTRY--UNIFORM TITLE
Uniform title American girls collection.
942 ## - ADDED ENTRY ELEMENTS (KOHA)
Koha item type Libro/Book
Holdings
Withdrawn status Lost status Damaged status Not for loan Home library Current library Date acquired Inventory number Total Checkouts Barcode Date last seen Price effective from Koha item type
        Barbudos -- Satellite Barbudos -- Satellite 17/10/2017 Inventory date: 7/7/25   35801549 16/02/2022 17/10/2017 Libro/Book

Powered by Koha